[Event "Bergische SF 1 - Langenfelder SF 1"]
[Site "NRW-Klasse - Gruppe 4 2019/20"]
[Date "2019.09.08"]
[Round "1.6"]
[White "Eilers, Jochen"]
[Black "Weber, Peter"]
[Result "0-1"]
[WhiteElo "2003"]
[BlackElo "2105"]
[PlyCount "80"]
[EventDate "2019.??.??"]
[SourceVersionDate "2020.03.16"]
[WhiteTeam "Bergische SF 1"]
[BlackTeam "Langenfelder SF 1"]

1. g3 d5 2. Nf3 Nf6 3. c4 c6 4. Bg2 dxc4 5. Na3 b5 6. O-O a6 7. b3 cxb3 8. Qxb3
e6 9. Bb2 Bb7 10. d4 Be7 11. Ne5 O-O 12. Rac1 Qc8 13. Rc2 Nd5 14. Nd3 a5 15.
Bxd5 exd5 16. Ne5 Qe6 17. e4 b4 18. exd5 Qxd5 19. Qxd5 cxd5 20. Nb5 Na6 21.
Rfc1 f6 22. Nc6 Bxc6 23. Rxc6 Rfb8 24. Nc7 Nxc7 25. Rxc7 Bd6 26. Rd7 Rd8 27.
Rb7 a4 28. Rc6 a3 29. Bc1 Rac8 30. Rbb6 Rxc6 31. Rxc6 Bf8 32. Bd2 Rb8 33. Kf1
b3 34. axb3 Rxb3 35. Ra6 Rb2 36. Bf4 Bb4 37. Kg2 a2 38. h4 Bc3 39. h5 Rc2 40.
Ra8+ Kf7 0-1

[Event "Bergische SF 1 - Langenfelder SF 1"]
[Site "NRW-Klasse - Gruppe 4 2019/20"]
[Date "2019.09.08"]
[Round "1.7"]
[White "Pejkovic, Patrick Slavko"]
[Black "Thelen, Harm-Wulf"]
[Result "1/2-1/2"]
[WhiteElo "2045"]
[BlackElo "1931"]
[Annotator "Daniel"]
[PlyCount "82"]
[EventDate "2019.??.??"]
[SourceVersionDate "2020.03.16"]
[WhiteTeam "Langenfelder SF 1"]
[BlackTeam "Bergische SF 1"]

1. e4 e6 2. b3 d5 3. Bb2 c5 4. exd5 exd5 5. Bb5+ Nc6 6. Qe2+ Qe7 7. Nc3 Nf6 8.
O-O-O Qxe2 9. Ngxe2 d4 10. Bxc6+ bxc6 11. Na4 Ba6 12. Nf4 O-O-O 13. Nd3 Bxd3
14. cxd3 Nd5 15. Ba3 Nf4 16. Kc2 c4 17. Bxf8 cxd3+ 18. Kb2 Rhxf8 19. g3 Nd5 20.
Nc5 Rfe8 21. Nxd3 Re2 22. Kc2 Kc7 23. Rde1 Rde8 24. Rxe2 Rxe2 25. a3 Kd6 26.
Re1 Rxe1 $11 27. Nxe1 c5 28. Kd3 f5 29. Kc4 a6 30. b4 Nb6+ 31. Kd3 Kd5 32. bxc5
Nd7 33. c6 Ne5+ 34. Kc2 Kxc6 35. f4 Nc4 36. a4 Kd5 37. d3 Ne3+ 38. Kb3 a5 39.
Nf3 Ng4 40. Kb2 Kc5 41. Kb3 Kd5 1/2-1/2

[Event "Bergische SF 1 - Langenfelder SF 1"]
[Site "NRW-Klasse - Gruppe 4 2019/20"]
[Date "2019.09.08"]
[Round "1.8"]
[White "Gutt, Oswald"]
[Black "Reinemer, Frank"]
[Result "0-1"]
[WhiteElo "1882"]
[BlackElo "2129"]
[PlyCount "144"]
[EventDate "2019.??.??"]
[SourceVersionDate "2020.03.16"]
[WhiteTeam "Bergische SF 1"]
[BlackTeam "Langenfelder SF 1"]

1. c4 f5 2. g3 Nf6 3. Bg2 e5 4. d3 d6 5. Nc3 c6 6. Nf3 Qc7 7. O-O g6 8. Bd2 Bg7
9. Qc1 O-O 10. b4 Nh5 11. Bh6 Be6 12. Bxg7 Kxg7 13. Ng5 Bg8 14. Qb2 h6 15. Nf3
Nd7 16. Rac1 Kh7 17. e3 Rae8 18. Nd2 Re7 19. d4 exd4 20. exd4 Rfe8 21. b5 Nhf6
22. bxc6 bxc6 23. Qc2 Nb6 24. Qd3 Qd7 25. a4 d5 26. c5 Nc4 27. Rb1 Ne4 28. Nf3
Qc7 29. Rfd1 Qa5 30. Ne2 Nxf2 31. Kxf2 Rxe2+ 32. Qxe2 Rxe2+ 33. Kxe2 Qxa4 34.
Rb7+ Kh8 35. Nh4 Qc2+ 36. Ke1 Bh7 37. Rb8+ Kg7 38. Rb7+ Kh8 39. Rb8+ Kg7 40.
Rb7+ Kg8 41. Rb8+ Kf7 42. Rb7+ Kf6 43. Rxh7 Ne3 44. Rd2 Qc1+ 45. Ke2 Nc4 46.
Nf3 Nxd2 47. Nxd2 Qg1 48. Bf3 Qxd4 49. Rxh6 Qxc5 50. Rh4 a5 51. Kd1 Qa3 52. Rh8
Qa1+ 53. Kc2 Qa2+ 54. Kd3 a4 55. Rc8 Qa3+ 56. Kc2 Qc5+ 57. Kd3 Qb5+ 58. Kc2 Qb7
59. Rf8+ Kg7 60. Re8 a3 61. Nb3 c5 62. Bxd5 Qxd5 63. Re7+ Kf6 64. Re3 c4 65.
Nc1 Qg2+ 66. Re2 Qf3 67. Kb1 Qc3 68. Rc2 Qb4+ 69. Ka1 Kg5 70. Na2 Qb3 71. Rd2
c3 72. h4+ Kh5 0-1

[Event "SG Solingen 3 - SF Stadtverwaltung Bonn"]
[Site "NRW-Klasse - Gruppe 4 2019/20"]
[Date "2019.09.08"]
[Round "1.1"]
[White "Horstmann, Olaf"]
[Black "Zolfagharian, Kevin"]
[Result "1-0"]
[WhiteElo "2147"]
[BlackElo "2268"]
[PlyCount "75"]
[EventDate "2019.??.??"]
[SourceVersionDate "2020.03.16"]
[WhiteTeam "SF Stadtverwaltung Bonn 1"]
[BlackTeam "SG Solingen 3"]

1. e4 c5 2. Nc3 Nc6 3. g3 g6 4. Bg2 Bg7 5. d3 d6 6. Be3 Rb8 7. Qd2 b5 8. Nge2
b4 9. Nd1 h5 10. h3 Nd4 11. f4 e6 12. O-O Ne7 13. Nc1 O-O 14. c3 Ndc6 15. Ne2
Qa5 16. Nf2 Rd8 17. g4 hxg4 18. hxg4 f5 19. gxf5 gxf5 20. exf5 exf5 21. Nh3 d5
22. Qe1 bxc3 23. bxc3 d4 24. Bd2 Rb2 25. Ng5 Rd6 26. Rd1 Qxa2 27. c4 Kf8 28.
Ng3 Nb4 29. Ra1 Qb3 30. Rxa7 Rd7 31. Ne6+ Kf7 32. Nxc5 Qc2 33. Qe6+ Ke8 34.
Rxd7 Bxd7 35. Qxd7+ Kf8 36. Ne6+ Kf7 37. Ng5+ Kg8 38. Qe8+ 1-0

[Event "SG Solingen 3 - SF Stadtverwaltung Bonn"]
[Site "NRW-Klasse - Gruppe 4 2019/20"]
[Date "2019.09.08"]
[Round "1.2"]
[White "Hobusch, Jan"]
[Black "Limp, Roland"]
[Result "1/2-1/2"]
[WhiteElo "2180"]
[BlackElo "2149"]
[PlyCount "62"]
[EventDate "2019.??.??"]
[SourceVersionDate "2020.03.16"]
[WhiteTeam "SG Solingen 3"]
[BlackTeam "SF Stadtverwaltung Bonn 1"]

1. d4 Nf6 2. Bf4 g6 3. e3 Bg7 4. h3 d6 5. Nf3 O-O 6. Be2 c6 7. c4 Qb6 8. Qb3
Nbd7 9. Nc3 Re8 10. O-O e5 11. Bh2 Bf8 12. Qc2 exd4 13. exd4 Qd8 14. Rfe1 Nb6
15. Bd3 Rxe1+ 16. Rxe1 Be6 17. b3 Qd7 18. Ng5 Re8 19. Nce4 Nxe4 20. Nxe4 Qd8
21. c5 Nc8 22. Qd1 d5 23. Nd2 Bd7 24. Rxe8 Qxe8 25. b4 Ne7 26. Qe2 Bg7 27. Nf3
Nc8 28. Kf1 Qxe2+ 29. Kxe2 f6 30. Bf4 Kf7 31. Ke3 Ne7 1/2-1/2

[Event "SG Solingen 3 - SF Stadtverwaltung Bonn"]
[Site "NRW-Klasse - Gruppe 4 2019/20"]
[Date "2019.09.08"]
[Round "1.3"]
[White "Weigant, Wladimir"]
[Black "Kniest, Oliver"]
[Result "0-1"]
[WhiteElo "2140"]
[BlackElo "2222"]
[PlyCount "118"]
[EventDate "2019.??.??"]
[SourceVersionDate "2020.03.16"]
[WhiteTeam "SF Stadtverwaltung Bonn 1"]
[BlackTeam "SG Solingen 3"]

1. Nf3 c5 2. g3 Nc6 3. Bg2 e5 4. d3 g6 5. O-O Bg7 6. e4 Nge7 7. Be3 d6 8. Qd2
h6 9. c3 f5 10. Na3 g5 11. exf5 Nxf5 12. Nc2 O-O 13. a3 Nxe3 14. fxe3 d5 15.
Qe2 Be6 16. e4 d4 17. c4 Qe7 18. Rab1 Rab8 19. a4 a6 20. Na3 Bf6 21. Nd2 g4 22.
Nc2 Kg7 23. Rf2 Rh8 24. Rbf1 Bg5 25. Nb3 h5 26. a5 b6 27. Rf5 Bxf5 28. exf5
Nxa5 29. Nd2 Rh6 30. Ne4 Bf6 31. h3 gxh3 32. Bxh3 Nb7 33. Ne1 Nd6 34. Nf3 Nxe4
35. Qxe4 Qb7 36. Qe2 Re8 37. Nd2 Kh8 38. Ne4 Qe7 39. Bg2 Rf8 40. Bf3 h4 41. g4
Rh7 42. Kh2 Rg7 43. Kh3 Bg5 44. Rh1 a5 45. b3 Rgg8 46. Qf2 Rf7 47. Qe2 Be3 48.
Rf1 Qf8 49. Bg2 Qh6 50. Bf3 Bf4 51. Rh1 Kg7 52. Kg2 Kf8 53. Kf1 Ra7 54. g5 Bxg5
55. Nxg5 Qxg5 56. Qxe5 Re7 57. Qb8+ Kg7 58. f6+ Kxf6 59. Qd6+ Re6 0-1

[Event "SG Solingen 3 - SF Stadtverwaltung Bonn"]
[Site "NRW-Klasse - Gruppe 4 2019/20"]
[Date "2019.09.08"]
[Round "1.4"]
[White "Wickenfeld, Stefan"]
[Black "Suppert, Timur"]
[Result "0-1"]
[WhiteElo "2194"]
[BlackElo "2113"]
[PlyCount "82"]
[EventDate "2019.??.??"]
[SourceVersionDate "2020.03.16"]
[WhiteTeam "SG Solingen 3"]
[BlackTeam "SF Stadtverwaltung Bonn 1"]

1. d4 Nf6 2. Nf3 c5 3. c3 d5 4. Bf4 Nc6 5. dxc5 a5 6. Nd4 Nd7 7. Nxc6 bxc6 8.
b4 e5 9. Bg3 Ba6 10. a3 f5 11. f3 f4 12. Bf2 g6 13. Nd2 Bh6 14. Nb3 Bc4 15. Nd2
Ba6 16. g3 O-O 17. Bh3 Nf6 18. Nb3 axb4 19. axb4 e4 20. Nd4 exf3 21. Rxa6 Rxa6
22. exf3 Qe8+ 23. Ne6 Rf7 24. O-O Re7 25. Re1 Ra2 26. gxf4 Nh5 27. f5 gxf5 28.
Bxf5 Nf4 29. Nxf4 Bxf4 30. Bxh7+ Kf8 31. Rxe7 Qxe7 32. Bf5 Bxh2+ 33. Kf1 Qe5
34. Qd3 Bg3 35. Be3 Bh4 36. Bh6+ Kf7 37. Bg6+ Kf6 38. Be3 Ra1+ 39. Ke2 Re1+ 40.
Kd2 Rxe3 41. Qxe3 Bg5 0-1

[Event "SG Solingen 3 - SF Stadtverwaltung Bonn"]
[Site "NRW-Klasse - Gruppe 4 2019/20"]
[Date "2019.09.08"]
[Round "1.5"]
[White "Wahl, Felix"]
[Black "Gupta, Milon"]
[Result "0-1"]
[WhiteElo "2065"]
[BlackElo "2132"]
[PlyCount "120"]
[EventDate "2019.??.??"]
[SourceVersionDate "2020.03.16"]
[WhiteTeam "SF Stadtverwaltung Bonn 1"]
[BlackTeam "SG Solingen 3"]

1. e4 d6 2. d4 Nf6 3. Nc3 e5 4. Nf3 exd4 5. Nxd4 Be7 6. Bf4 O-O 7. Be2 Re8 8.
O-O Bf8 9. Bf3 Nbd7 10. g3 c6 11. Bg2 Nc5 12. Re1 a5 13. Qd2 Ng4 14. Rad1 Ne5
15. b3 Bg4 16. f3 Bd7 17. h3 Ng6 18. Be3 Qc8 19. g4 b5 20. Nf5 b4 21. Ne2 Nb7
22. Neg3 Ne7 23. Nh5 Nxf5 24. exf5 f6 25. Bd4 Rxe1+ 26. Rxe1 Qd8 27. g5 Bxf5
28. gxf6 g6 29. Ng3 Qd7 30. Nxf5 Qxf5 31. Qe3 d5 32. f4 Nd6 33. Qe5 Re8 34. f7+
Kxf7 35. Qxf5+ Nxf5 36. Rxe8 Kxe8 37. Bb6 Bd6 38. Bxa5 Ne3 39. Bf3 Nxc2 40. Bb6
Bxf4 41. Kf2 Be5 42. Bd1 Na3 43. Bc5 Bc3 44. Ke2 Kf7 45. Kd3 h5 46. Ke3 Ke6 47.
Be2 Nb5 48. Bd3 Kf6 49. Kf3 Nc7 50. a4 bxa3 51. Bxa3 Ne6 52. Ke3 c5 53. Bb5
Bd4+ 54. Kf3 Ng5+ 55. Kg2 Nf7 56. Bc6 Ke6 57. Kg3 Ne5 58. Be8 Kf5 59. Bc1 Bc3
60. Bf4 h4+ 0-1

[Event "SG Solingen 3 - SF Stadtverwaltung Bonn"]
[Site "NRW-Klasse - Gruppe 4 2019/20"]
[Date "2019.09.08"]
[Round "1.6"]
[White "Borchert, Stephan"]
[Black "Marzec, Ronny"]
[Result "1/2-1/2"]
[WhiteElo "2074"]
[BlackElo "2001"]
[PlyCount "102"]
[EventDate "2019.??.??"]
[SourceVersionDate "2020.03.16"]
[WhiteTeam "SG Solingen 3"]
[BlackTeam "SF Stadtverwaltung Bonn 1"]

1. e4 e5 2. Nf3 Nc6 3. Bb5 f5 4. d3 fxe4 5. dxe4 Nf6 6. O-O Bc5 7. c3 d6 8.
Nbd2 O-O 9. b4 Bb6 10. Nc4 Ne7 11. Nxb6 axb6 12. Qb3+ Kh8 13. Ng5 c6 14. Bd3
Qe8 15. f4 b5 16. fxe5 dxe5 17. Be3 h6 18. Ne6 Bxe6 19. Qxe6 Ng6 20. Qh3 Qf7
21. Qf5 Kh7 22. h4 Qd7 23. h5 Qxf5 24. Rxf5 Nh4 25. Rxe5 Ng4 26. Bd4 Nxe5 27.
Bxe5 Rfd8 28. Bd4 Ra3 29. e5+ Kg8 30. Bc2 Rf8 31. Re1 Nf5 32. Bc5 Rxc3 33. Bb3+
Rxb3 34. axb3 Re8 35. g4 Ne7 36. Kg2 Nd5 37. Kg3 Kf7 38. g5 hxg5 39. Kg4 Ke6
40. Kxg5 Ra8 41. Bd6 Ra2 42. Rg1 Rf2 43. Kg6 Nf4+ 44. Kxg7 Nxh5+ 45. Kh6 Nf4
46. Kg7 Rg2+ 47. Rxg2 Nxg2 48. Kf8 Kd7 49. Kf7 Nf4 50. Bc5 Ne6 51. Bb6 Ng5+
1/2-1/2

[Event "SG Solingen 3 - SF Stadtverwaltung Bonn"]
[Site "NRW-Klasse - Gruppe 4 2019/20"]
[Date "2019.09.08"]
[Round "1.7"]
[White "Wagner, Rainer"]
[Black "Auer, Martin"]
[Result "1-0"]
[WhiteElo "1997"]
[BlackElo "2169"]
[Annotator "Daniel"]
[PlyCount "53"]
[EventDate "2019.??.??"]
[SourceVersionDate "2020.03.16"]
[WhiteTeam "SF Stadtverwaltung Bonn 1"]
[BlackTeam "SG Solingen 3"]

1. d4 Nf6 2. c4 e6 3. Nc3 Bb4 4. f3 c5 5. d5 b5 6. e4 bxc4 7. Bxc4 exd5 8. Bxd5
Nxd5 9. Qxd5 Nc6 10. Nge2 Ba6 11. a3 Qh4+ 12. Ng3 Bxc3+ 13. bxc3 Qf6 14. Bd2
O-O 15. Nh5 Qd8 16. Kf2 Re8 17. Bg5 Qc7 18. Bf4 Ne5 19. Rhd1 Rab8 20. Bg3 Rb6
21. Rab1 Rxb1 22. Rxb1 d6 23. Kg1 Rb8 24. Rxb8+ Qxb8 25. Bxe5 dxe5 26. Qxc5 h6
27. h3 {ZÃo} 1-0

[Event "SG Solingen 3 - SF Stadtverwaltung Bonn"]
[Site "NRW-Klasse - Gruppe 4 2019/20"]
[Date "2019.09.08"]
[Round "1.8"]
[White "Peschel, Andreas"]
[Black "Dehmel, Jens"]
[Result "1/2-1/2"]
[WhiteElo "2103"]
[BlackElo "1960"]
[PlyCount "94"]
[EventDate "2019.??.??"]
[SourceVersionDate "2020.03.16"]
[WhiteTeam "SG Solingen 3"]
[BlackTeam "SF Stadtverwaltung Bonn 1"]

1. d4 d5 2. Nf3 Nf6 3. c4 c6 4. e3 Bf5 5. cxd5 cxd5 6. Nc3 e6 7. Ne5 Bd6 8. Qb3
Qe7 9. Bb5+ Kf8 10. O-O h6 11. f3 Bxe5 12. dxe5 Nfd7 13. e4 dxe4 14. fxe4 Bg6
15. Be3 Nxe5 16. Rac1 Kg8 17. Be2 Kh7 18. Qb5 Nbc6 19. Bc5 Qc7 20. Bf2 Rhd8 21.
Nd5 Qa5 22. Qxa5 Nxa5 23. Nc3 Rd2 24. b4 Nac6 25. Be3 Rd7 26. Bb5 a6 27. Bxc6
Nxc6 28. Na4 Rd3 29. Bc5 Rd2 30. Nc3 Rad8 31. a3 Rb2 32. Na4 Rb3 33. Rc3 Rxc3
34. Nxc3 Rd3 35. Rf3 Rxf3 36. gxf3 Ne5 37. f4 Nc4 38. a4 f5 39. exf5 exf5 40.
Kf2 Be8 41. a5 g5 42. Kg3 Kg6 43. h3 Bc6 44. Bf8 Nb2 45. h4 Nd3 46. hxg5 hxg5
47. Ne2 Nxf4 1/2-1/2

[Event "SV Weidenau/Geisweid 1 - Siegener SV 1"]
[Site "NRW-Klasse - Gruppe 4 2019/20"]
[Date "2019.09.08"]
[Round "1.1"]
[White "Schischke, Reinhard"]
[Black "Karthaeuser, Johannes"]
[Result "1/2-1/2"]
[WhiteElo "2147"]
[BlackElo "2158"]
[Annotator "Daniel"]
[PlyCount "80"]
[EventDate "2019.??.??"]
[SourceVersionDate "2020.03.16"]
[WhiteTeam "Siegener SV 1"]
[BlackTeam "SV Weidenau/Geisweid 1"]

1. Nf3 Nf6 2. d4 g6 3. Bg5 Bg7 4. Nbd2 d6 5. e4 Nc6 6. d5 Ne5 7. Nxe5 dxe5 8.
h3 O-O 9. Bc4 Bd7 10. O-O Ne8 11. Qe2 Nd6 12. Bd3 f5 13. f4 h6 14. fxe5 hxg5
15. exd6 exd6 16. exf5 gxf5 17. Qh5 Qf6 18. Rae1 Rae8 19. c3 Rxe1 20. Rxe1 Qh6
21. Qxh6 $11 Bxh6 22. Nf3 Rf6 23. Nd4 Kf7 24. Bb5 Bxb5 25. Nxb5 g4 26. Nxc7
gxh3 27. gxh3 Rg6+ 28. Kf2 Bf4 29. Re6 Rg3 30. Nb5 Rxh3 31. Nxd6+ Bxd6 32. Rxd6
Rh2+ 33. Ke3 Rxb2 34. Kf4 Rxa2 35. Rd7+ Kf6 36. Rxb7 Ra4+ 37. Ke3 Ke5 38. Rd7
f4+ 39. Kd3 f3 40. Rf7 Kxd5 1/2-1/2

[Event "SV Weidenau/Geisweid 1 - Siegener SV 1"]
[Site "NRW-Klasse - Gruppe 4 2019/20"]
[Date "2019.09.08"]
[Round "1.2"]
[White "Send, Sebastian"]
[Black "Bouillon, Christian"]
[Result "1-0"]
[WhiteElo "2112"]
[BlackElo "2051"]
[PlyCount "95"]
[EventDate "2019.??.??"]
[SourceVersionDate "2020.03.16"]
[WhiteTeam "SV Weidenau/Geisweid 1"]
[BlackTeam "Siegener SV 1"]

1. Nf3 d5 2. c4 e6 3. e3 Nf6 4. b3 b6 5. Bb2 Be7 6. Be2 O-O 7. O-O Bb7 8. Ne5
Nbd7 9. f4 c5 10. Bf3 Qc7 11. Na3 a6 12. Qe1 Rad8 13. Qg3 d4 14. exd4 Bxf3 15.
Qxf3 Nb8 16. Nc2 cxd4 17. Kh1 Nfd7 18. Bxd4 f6 19. Nxd7 Rxd7 20. Qe3 Rd6 21.
Rae1 Nd7 22. Bc3 a5 23. Nd4 Qb7 24. Nxe6 Re8 25. Nd4 Nc5 26. a3 Rdd8 27. Qf3
Qxf3 28. Rxf3 Bd6 29. Rfe3 Rxe3 30. dxe3 Re8 31. Re2 Nd3 32. g3 Bxa3 33. Nc2
Bc5 34. Bd2 h5 35. Kg2 g5 36. e4 g4 37. Ne1 Rd8 38. Nc2 Bd4 39. Nxd4 Rxd4 40.
Bc3 Rd6 41. Rd2 Kf7 42. Kf1 Ke6 43. Bxf6 Nc5 44. f5+ Kd7 45. Rxd6+ Kxd6 46. e5+
Kd7 47. e6+ Kd6 48. Bb2 1-0

[Event "SV Weidenau/Geisweid 1 - Siegener SV 1"]
[Site "NRW-Klasse - Gruppe 4 2019/20"]
[Date "2019.09.08"]
[Round "1.3"]
[White "Richter, Gerald"]
[Black "Scholl, Patrick"]
[Result "0-1"]
[WhiteElo "1992"]
[BlackElo "1965"]
[PlyCount "64"]
[EventDate "2019.??.??"]
[SourceVersionDate "2020.03.16"]
[WhiteTeam "Siegener SV 1"]
[BlackTeam "SV Weidenau/Geisweid 1"]

1. d4 d5 2. c4 c6 3. Nc3 dxc4 4. e3 b5 5. a4 b4 6. Ne4 Qd5 7. Ng3 Nf6 8. Be2 e6
9. e4 Qa5 10. Bxc4 Ba6 11. Bxa6 Qxa6 12. N1e2 Be7 13. O-O O-O 14. Bg5 h6 15.
Bxf6 Bxf6 16. e5 Be7 17. Ne4 Rd8 18. Re1 c5 19. Qb3 cxd4 20. Qg3 Nc6 21. Nc1 d3
22. Rd1 Rd4 23. Nd6 Nxe5 24. Nb5 Re4 25. Nc7 d2 26. Nb3 Qe2 27. Nxd2 Rd8 28. f3
Bh4 29. Qh3 Bf2+ 30. Kh1 Rxd2 31. Rxd2 Qe1+ 32. Rxe1 Rxe1# 0-1

[Event "SV Weidenau/Geisweid 1 - Siegener SV 1"]
[Site "NRW-Klasse - Gruppe 4 2019/20"]
[Date "2019.09.08"]
[Round "1.4"]
[White "Meinhardt, Michael"]
[Black "Schmidt, Matthias"]
[Result "1-0"]
[WhiteElo "1997"]
[BlackElo "1952"]
[PlyCount "207"]
[EventDate "2019.??.??"]
[SourceVersionDate "2020.03.16"]
[WhiteTeam "SV Weidenau/Geisweid 1"]
[BlackTeam "Siegener SV 1"]

1. c4 Nf6 2. g3 g6 3. b3 Bg7 4. Bb2 d6 5. Bg2 O-O 6. Nf3 c6 7. O-O Na6 8. d3
Bg4 9. h3 Bxf3 10. Bxf3 e5 11. Nd2 Qe7 12. a3 Nc7 13. Bg2 Nh5 14. e4 Ne6 15.
Nf3 c5 16. Qe2 Bf6 17. Bc1 b6 18. b4 Kh8 19. Rb1 Rac8 20. b5 Bg7 21. Be3 Kg8
22. a4 Qe8 23. Kh2 f5 24. exf5 gxf5 25. Ng5 Nxg5 26. Bxg5 Qg6 27. Bd2 Rce8 28.
Rb3 e4 29. dxe4 Bd4 30. e5 Bxe5 31. Bd5+ Kh8 32. Qf3 Bg7 33. Rbb1 Nf6 34. Bc6
Re4 35. Bxe4 Nxe4 36. Bf4 Bd4 37. Be3 Be5 38. Bf4 Bd4 39. Rbe1 h5 40. Re2 Kg7
41. Rfe1 Re8 42. Kg2 Qf7 43. Rxe4 fxe4 44. Rxe4 Rxe4 45. Qxe4 Qxc4 46. Bxd6 Qa2
47. Be5+ Bxe5 48. Qxe5+ Kg6 49. Qe4+ Kh6 50. Qf4+ Kg6 51. Qd6+ Kf5 52. Qd7+ Ke5
53. Qxa7 Qd5+ 54. Kh2 Qf3 55. Qc7+ Kd4 56. Qf4+ Qxf4 57. gxf4 c4 58. a5 c3 59.
axb6 c2 60. b7 c1=Q 61. b8=Q Qf1 62. Qe5+ Kc4 63. Qe3 Kxb5 64. f5 Qa1 65. Qe8+
Kc5 66. Qe7+ Kb5 67. Qb7+ Kc5 68. Qc7+ Kb5 69. Qf4 Qf6 70. Qe4 h4 71. Qd5+ Kb4
72. Qe6 Qd4 73. Qe7+ Kb5 74. Qb7+ Ka5 75. Qf3 Qe5+ 76. Kg2 Qg7+ 77. Kf1 Qa1+
78. Ke2 Qe5+ 79. Kd3 Ka6 80. Qa8+ Kb6 81. Qd8+ Kb5 82. Qd7+ Ka5 83. Qe6 Qb5+
84. Ke3 Qc5+ 85. Kf3 Qc3+ 86. Qe3 Qf6 87. Qe1+ Kb5 88. Qb1+ Kc5 89. Qc2+ Kb5
90. Qb3+ Ka5 91. Qa2+ Kb5 92. Qe6 Qc3+ 93. Kf4 Qd4+ 94. Kg5 Qxf2 95. f6 Qg3+
96. Qg4 Qe3+ 97. Kxh4 Qf2+ 98. Kg5 Kc6 99. Kg6 Qc2+ 100. Qf5 Qg2+ 101. Kh7 Qg3
102. f7 Qh4+ 103. Kg7 Qg3+ 104. Qg6+ 1-0

[Event "SV Weidenau/Geisweid 1 - Siegener SV 1"]
[Site "NRW-Klasse - Gruppe 4 2019/20"]
[Date "2019.09.08"]
[Round "1.5"]
[White "Besser, Jochen"]
[Black "Dueber, Olaf"]
[Result "1-0"]
[WhiteElo "1893"]
[BlackElo "1931"]
[PlyCount "87"]
[EventDate "2019.??.??"]
[SourceVersionDate "2020.03.16"]
[WhiteTeam "Siegener SV 1"]
[BlackTeam "SV Weidenau/Geisweid 1"]

1. c4 e5 2. Nc3 Nf6 3. Nf3 Nc6 4. e3 d5 5. cxd5 Nxd5 6. Bb5 Nxc3 7. bxc3 Bd6 8.
d4 e4 9. Nd2 Qg5 10. Bf1 Bf5 11. g3 O-O 12. Bg2 Rfe8 13. Rb1 b6 14. Rb5 a6 15.
Rxf5 Qxf5 16. Qc2 Rad8 17. Bxe4 Qd7 18. Bxh7+ Kh8 19. Bf5 Qe7 20. O-O g6 21.
Be4 Nb8 22. Bg2 Qe6 23. c4 Bf8 24. Nf3 Bg7 25. Ng5 Qe7 26. h4 f6 27. Nh3 Qf7
28. Nf4 f5 29. h5 g5 30. Ng6+ Kh7 31. Bh3 Rf8 32. Ba3 g4 33. Bxf8 gxh3 34. Bxg7
Kxg7 35. Nf4 Nd7 36. d5 Rg8 37. e4 Kh6 38. Nxh3 Qxh5 39. Kg2 Ne5 40. Qd2+ Kh7
41. Qf4 fxe4 42. Qxe4+ Kg7 43. Nf4 Qe8 44. Ne6+ 1-0

[Event "SV Weidenau/Geisweid 1 - Siegener SV 1"]
[Site "NRW-Klasse - Gruppe 4 2019/20"]
[Date "2019.09.08"]
[Round "1.6"]
[White "Boyko, Oleksiy"]
[Black "Lindner, Torsten"]
[Result "0-1"]
[WhiteElo "1902"]
[BlackElo "1858"]
[PlyCount "64"]
[EventDate "2019.??.??"]
[SourceVersionDate "2020.03.16"]
[WhiteTeam "SV Weidenau/Geisweid 1"]
[BlackTeam "Siegener SV 1"]

1. d4 Nf6 2. c4 e6 3. Nc3 d5 4. cxd5 exd5 5. Bg5 Be7 6. Qc2 O-O 7. e3 Re8 8.
Bd3 h6 9. Bh4 b6 10. Nge2 Bb7 11. O-O c5 12. Rad1 c4 13. Bf5 Nbd7 14. b3 cxb3
15. Qxb3 Ne4 16. Bxe7 Qxe7 17. Nxd5 Qg5 18. Bxe4 Rxe4 19. Nef4 Rd8 20. f3 Ree8
21. e4 Nf6 22. Nxf6+ Qxf6 23. Ne2 Ba6 24. e5 Qc6 25. Rfe1 Bc4 26. Qb2 Qe6 27.
Nc3 Rd7 28. a3 Red8 29. Ne4 Bb3 30. Rd2 Bd5 31. Nd6 Rxd6 32. Rde2 R6d7 0-1

[Event "SV Weidenau/Geisweid 1 - Siegener SV 1"]
[Site "NRW-Klasse - Gruppe 4 2019/20"]
[Date "2019.09.08"]
[Round "1.7"]
[White "Scholl, Eckhard"]
[Black "Piskorz, Andreas"]
[Result "1-0"]
[WhiteElo "1882"]
[BlackElo "1893"]
[PlyCount "89"]
[EventDate "2019.??.??"]
[SourceVersionDate "2020.03.16"]
[WhiteTeam "Siegener SV 1"]
[BlackTeam "SV Weidenau/Geisweid 1"]

1. e4 e5 2. Nf3 d6 3. d4 Nd7 4. Nc3 c6 5. a4 Ngf6 6. Bc4 Be7 7. O-O O-O 8. Re1
h6 9. Ba2 Re8 10. h3 Qc7 11. Be3 Bf8 12. Nh4 exd4 13. Bxd4 c5 14. Bxf6 Nxf6 15.
Nd5 Nxd5 16. Bxd5 Be6 17. Nf3 Rad8 18. Qd3 Bc8 19. Rad1 Be7 20. b3 Bf6 21. Nd2
a6 22. Nf1 Qe7 23. Re3 Qe5 24. Rf3 Rf8 25. Ne3 Qg5 26. a5 Be5 27. Qc4 Qh5 28.
Ng4 Bxg4 29. hxg4 Qh2+ 30. Kf1 Qh1+ 31. Ke2 Qxg2 32. Bxb7 Qxg4 33. Bd5 Kh8 34.
Rdd3 f5 35. exf5 Qh5 36. Be6 g6 37. Qe4 gxf5 38. Bxf5 Rde8 39. Bg4 Qg5 40.
Rxf8+ Rxf8 41. Rf3 Bf4 42. Bd7 Rf7 43. Kf1 d5 44. Qe6 h5 45. Qxf7 1-0

[Event "SV Weidenau/Geisweid 1 - Siegener SV 1"]
[Site "NRW-Klasse - Gruppe 4 2019/20"]
[Date "2019.09.08"]
[Round "1.8"]
[White "Eckardt, Uwe"]
[Black "Besser, Axel"]
[Result "1-0"]
[WhiteElo "1994"]
[BlackElo "1881"]
[PlyCount "75"]
[EventDate "2019.??.??"]
[SourceVersionDate "2020.03.16"]
[WhiteTeam "SV Weidenau/Geisweid 1"]
[BlackTeam "Siegener SV 1"]

1. Nc3 Nf6 2. e4 e5 3. f4 d6 4. Nf3 Bg4 5. Be2 Nc6 6. d3 Be7 7. O-O Qd7 8. Nd5
Bxf3 9. Bxf3 Nd4 10. Nxe7 Qxe7 11. c3 Nxf3+ 12. Qxf3 h6 13. a4 Qd7 14. fxe5
dxe5 15. Qg3 Kf8 16. Be3 b6 17. a5 Qe6 18. axb6 cxb6 19. Ra6 Kg8 20. Rfa1 Kh7
21. Bxb6 Qb3 22. Bc7 Qxb2 23. Bxe5 Rhe8 24. Qf4 Re6 25. R6a2 Qb5 26. d4 Qc4 27.
d5 Ree8 28. Qf5+ Kg8 29. Ra4 Qd3 30. Bxf6 gxf6 31. Qf3 Qd2 32. Rd4 Qb2 33. Rda4
Re5 34. Rd1 Qc2 35. Rad4 Rae8 36. d6 R5e6 37. d7 Rd8 38. Rc4 1-0

[Event "Godesberger SK 2 - Siegener SV 1"]
[Site "NRW-Klasse - Gruppe 4 2019/20"]
[Date "2019.10.06"]
[Round "2.1"]
[White "Schischke, Reinhard"]
[Black "Mantau, Jan"]
[Result "1/2-1/2"]
[WhiteElo "2147"]
[BlackElo "2144"]
[PlyCount "59"]
[EventDate "2019.??.??"]
[SourceVersionDate "2020.03.16"]
[WhiteTeam "Siegener SV 1"]
[BlackTeam "Godesberger SK 2"]

1. Nf3 Nf6 2. b3 g6 3. Bb2 Bg7 4. d4 d5 5. e3 O-O 6. Bd3 Nbd7 7. Nbd2 c5 8. O-O
cxd4 9. exd4 Nh5 10. Re1 Nf4 11. Bf1 Nf6 12. Ne5 Bf5 13. Ndf3 Ne4 14. c4 h5 15.
Nh4 Bc8 16. Bc1 Ne6 17. Nhf3 Qb6 18. Be3 Rd8 19. Qc2 Nf6 20. c5 Qc7 21. Nxf7
Kxf7 22. Ne5+ Kg8 23. Qxg6 Rf8 24. Bh6 Ne4 25. Rxe4 Rf6 26. Qe8+ Kh7 27. Rh4
Bxh6 28. Bd3+ Kg7 29. Rxh5 Qd8 30. Qxd8 1/2-1/2

[Event "Godesberger SK 2 - Siegener SV 1"]
[Site "NRW-Klasse - Gruppe 4 2019/20"]
[Date "2019.10.06"]
[Round "2.2"]
[White "Gerusel, Mathias"]
[Black "Richter, Gerald"]
[Result "1/2-1/2"]
[WhiteElo "2135"]
[BlackElo "1992"]
[PlyCount "43"]
[EventDate "2019.??.??"]
[SourceVersionDate "2020.03.16"]
[WhiteTeam "Godesberger SK 2"]
[BlackTeam "Siegener SV 1"]

1. d4 Nf6 2. c4 e6 3. Nc3 d5 4. Bg5 Be7 5. e3 h6 6. Bh4 O-O 7. Rc1 b6 8. cxd5
exd5 9. Nf3 Be6 10. Ne5 c5 11. Be2 cxd4 12. exd4 Ne4 13. Bxe7 Qxe7 14. a3 Nd7
15. O-O Rfc8 16. Qe1 Nxc3 17. Rxc3 Rxc3 18. Qxc3 Nxe5 19. dxe5 Rc8 20. Qd2 Qc5
21. Bd3 Kf8 22. Bb1 1/2-1/2